000 01245cam a22001934a 4500
005 20250605164204.0
008 250528s ||||||||||||||||||||||||d
035 _a19878
040 _aGR-AtMCL
_bgre
_dGR-AtMCL
_eAACR2
245 1 _aΑσκήσεις Γραμματικής και Συνταξης Αγγλικής Γλώσσας / 2
260 _bInterbooks,
_c1995
300 _a170
520 _aΤο παρόν βιβλίο αποτελεί συνέχεια στη διδασκαλία της γραμματικής της Αγγλικής των δύο πρώτων εξαμήνων. Στίξη, Χρόνοι του Ρήματος, Προτάσεις και Εισηγήσεις και Συστάσεις, Παρακλήσεις και Ερωτήσεις, Συμβουλή και Έκφραση Επιθυμίας, Υποχρεώσεις και Καθήκοντα και Προτιμήσεις, Συμπερασματικά Modal Verbs, Do και Make, Γερούνδιο, Το Απαρέμφατο, Προθέματα και Καταλήξεις, Προθέσεις, Answers' Key, Παράρτημα.
700 1 _aΤόμπρου Χρυσούλα
_96028
942 _cBK
999 _c5121
_d5121